| 000 | 00816na a2200277 4500 | ||
|---|---|---|---|
| 001 | 13335 | ||
| 003 | MIRAKIL | ||
| 005 | 20181213154908.0 | ||
| 008 | 161010b tu 000 0 | ||
| 020 | _a9751903785 | ||
| 035 | _a13335 | ||
| 040 |
_aMilas _btur _cTR-AnCHP |
||
| 041 | _atur | ||
| 082 |
_a306.85 _bA54b |
||
| 090 | _a306.85 A54b 1990 | ||
| 111 |
_aAile Şurası _cAnkara _d1990 _n1 |
||
| 245 |
_aI. aile şurası _braporlar görüşmeler kararlar |
||
| 246 | _a1. aile şurası | ||
| 260 |
_aAnkara _bAile Araştırma Kurumu Başkanlığı _c1990 |
||
| 300 |
_axiv 272 s. _bres. _c24 sm. |
||
| 490 |
_aTanıtım Serisi _v5 |
||
| 490 |
_aAile Araştırma Kurumu Başkanlığı yayınları _v14 |
||
| 650 |
_aAile _yRaporlar _zTürkiye |
||
| 650 |
_aAile _xTürkiye _yToplantılar |
||
| 942 |
_2ddc _cBKS |
||
| 999 |
_c2758 _d2758 |
||